000 00344 a2200157 4500
001 174947
020 _a
040 _cMagnum
100 _aAlmeida, Ivam Engler de
240 1 0 _aO telefone do joao de barro
_lpor
245 1 0 _aO telefone do joao de barro
362 0 _a1899
440 1 _aDo Brasil
697 _aIJ/DIDATICO
942 _cBK
999 _c174947
_d174947